Winning The Boat The Grew & The Race / (Record no. 7083)
[ view plain ]
| 000 -LEADER | |
|---|---|
| fixed length control field | 00537nam a2200205 a 4500 |
| 001 - CONTROL NUMBER | |
| JCCL Control Number | 7083 |
| 003 - CONTROL NUMBER IDENTIFIER | |
| JCCL marc code | BD-JhCC |
| 005 - DATE AND TIME OF LATEST TRANSACTION | |
| control field | 20180204182935.0 |
| 008 - FIXED-LENGTH DATA ELEMENTS--GENERAL INFORMATION | |
| fixed length control field | 180204s1970 uk |||| |||| 000 0 eng d |
| 035 ## - SYSTEM CONTROL NUMBER | |
| system control number | (BD-JhCC) |
| 040 ## - CATALOGING SOURCE | |
| Original cataloging agency | BD-JhCC |
| Modifying agency | BD-JhCC |
| 041 ## - LANGUAGE CODE | |
| Language code of Book | eng |
| 082 ## - DEWEY DECIMAL CLASSIFICATION NUMBER | |
| Classification number | 797.14 |
| Author mark and Year | OAK 1970 |
| 100 ## - MAIN ENTRY--PERSONAL NAME | |
| Personal name | Oakeley, John D. A. |
| 245 ## - TITLE STATEMENT | |
| Title | Winning The Boat The Grew & The Race / |
| Statement of responsibility, etc | John D. A. Oakeley |
| 260 ## - PUBLICATION, DISTRIBUTION, ETC. (IMPRINT) | |
| Place of publication, distribution, etc | London: |
| Name of publisher, distributor, etc | Nautical Publishing Company; |
| Date of publication, distribution, etc | 1970 |
| 300 ## - PHYSICAL DESCRIPTION | |
| Pagination | 209p;, |
| Dimensions | 24 cn |
| 650 ## - SUBJECT ADDED ENTRY--TOPICAL TERM | |
| Topical term or geographic name as entry element | Boat Racing |
| 942 ## - ADDED ENTRY ELEMENTS (KOHA) | |
| Source of classification or shelving scheme | Dewey Decimal Classification |
| Koha item type | Books |
| Source of classification or shelving scheme | Damaged status | Not for loan | Home library | Current library | Shelving location | Date of accession | Total Checkouts | Full call number | Barcode | Date last seen | Copy number | Koha item type |
|---|---|---|---|---|---|---|---|---|---|---|---|---|
| Dewey Decimal Classification | JCC Rouf Library | JCC Rouf Library | General Stacks | 02/04/2018 | 797.14 OAK 1970 | 9431 | 02/04/2018 | C-1 | Books |